| 000 | 00644nam a22002177a 4500 | ||
|---|---|---|---|
| 003 | DO-SdBNP | ||
| 005 | 20221130141925.0 | ||
| 007 | ta | ||
| 008 | 110301s2017 dr 000 0 spa d | ||
| 020 | _a9789945089424 | ||
| 040 |
_aDO-SdBNP _bspa _cBNPHU |
||
| 082 | 4 |
_axxxx _bM516c |
|
| 100 | 1 |
_aMejia Aybar, Emmanuel Ulises _953018 |
|
| 245 | 1 | 0 |
_aCalendario matemático de álgebra / _cEmmanuel Ulises Mejía Aybar |
| 260 |
_aSanto Domingo : _bSimpleproductmejiaaybar, _c2017. |
||
| 300 |
_a170 p. : _c28 cm. |
||
| 500 | _aLibro de ejercicios matemáticos. | ||
| 590 | _aInventariado, 2022/ YL | ||
| 910 | _aYLockward | ||
| 942 |
_2ddc _cLBS1 |
||
| 999 |
_c53041 _d53041 |
||